000 00626nam a2200229Ia 4500
008 160901s9999 xx 000 0 und d
020 _a0-321-17645-6
050 _aComSc QA 76.7
050 _b.S43 2002
100 _aSebesta, Robert W.
245 _aConcepts of programming languages /
245 _cRobert W. Sebesta.
250 _a5th Edition
260 _aNew York :
260 _bAddison Wesley.,
260 _c2002
300 _a698 pages :
300 _bill. ;
300 _c24 cm.
500 _aIncludes bibliographical references and index.
650 _aProgramming languages (Electronic computers).
999 _c300779
_d300779